00370nam a2200145Ia 4500003000500000008004100005020001800046040001900064082000700083100002200090245004600112260004600158300000800204546001200212STCL181203s9999 xx 000 0 und d a9780674061699 aSTCLbENcSTCL 222 aFriedlander, Eli  0aWalter Benjamin: A Philosophical Portrait bHarvard University PressaCambridgec2012 a285 aEnglish